000 00912nam a2200253Ia 4500
003 OSt
005 20221005105134.0
006 a|||||r|||| 00| 0
007 ta
008 221004b |||||||| |||| 00| 0 hin d
020 _a9788179752166 (hbk)
_c250
024 _a101514
037 _b401, 22/03/2010, Swaraj Prakashan
_cTextual
040 _aCRL
_cCRL
_bhin
041 _2hin
_ahin
082 _a40aY, 152P8
100 _aपरिहार, कालूराम
245 0 _aमीडिया के सामाजिक सरोकार
246 _aMīḍiyā ke sāmājik sarokāra
260 _aनई दिल्ली
_bअनामिका पब्लिर्शस भारत
_c2008
300 _a120पृ0
_ccm.
942 _h40aY, 152P8
_cTEXL
_2cc
999 _c1014893
_d1014893